Wyrocznia mocy bogiń /

Hlavní autor: Baron-Reid, Colette, 1958-
Další autoři: Kempara-Sobowska, Kamila
Jazyk: Polština
Vydáno: Praha : Synergie, 2021
Vydání: Wydanie pierwsze
Témata:
Fyzický popis: 191 stran : ilustrace ; 13 cm + 52 karet
Knihy
Uloženo v:
LEADER 01933nam a2200553 i 4500
001 nkc20213313944
003 CZ PrNK
005 20230830133748.0
007 ta
008 210503s2021 xr a e f 000 0 pol
015 |a cnb003313944 
020 |a 978-80-7370-560-2  |q (brožováno) 
035 |a (OCoLC)1257530081 
040 |a ABA001  |b cze  |e rda 
041 1 |a pol  |h eng 
072 7 |a 133  |x Ezoterismus. Okultismus  |2 Konspekt  |9 17 
080 |a 2-14-162.6  |2 MRF 
080 |a 2-12/-17-264-027.14  |2 MRF 
080 |a 133.3:794.43  |2 MRF 
080 |a (0.026.6)794.43  |2 MRF 
080 |a (035)  |2 MRF 
100 1 |a Baron-Reid, Colette,  |d 1958-  |7 jo2012731830  |4 aut 
240 1 0 |a Goddes power oracle cards.  |l Polsky 
245 1 0 |a Wyrocznia mocy bogiń /  |c Colette Baron-Reid ; tłumaczyła: Kamila Kempara-Sobowska 
250 |a Wydanie pierwsze 
264 1 |a Praha :  |b Synergie,  |c 2021 
300 |a 191 stran :  |b ilustrace ;  |c 13 cm +  |e 52 karet 
336 |a text  |b txt  |2 rdacontent 
337 |a bez média  |b n  |2 rdamedia 
338 |a svazek  |b nc  |2 rdacarrier 
500 |a Přeloženo z angličtiny 
500 |a Kniha a vykládací karty uloženy v kartonové krabici (14 x 10 x 5 cm) 
650 0 7 |a bohyně  |7 ph118953  |2 czenas 
650 0 7 |a archetypy  |7 ph118505  |2 czenas 
650 0 7 |a vykládání karet  |7 ph138942  |2 czenas 
650 0 9 |a goddesses  |2 eczenas 
650 0 9 |a archetypes  |2 eczenas 
650 0 9 |a fortune telling by cards  |2 eczenas 
655 7 |a vykládací karty  |7 fd133822  |2 czenas 
655 7 |a příručky  |7 fd133209  |2 czenas 
655 9 |a fortune telling cards  |2 eczenas 
655 9 |a handbooks and manuals  |2 eczenas 
700 1 |a Kempara-Sobowska, Kamila  |7 jo20211134306  |4 trl 
910 2 |a BOA001  |b Z-1464.245 
928 9 |a Synergie Publishing SE 
990 |a BK 
995 |a 01 
991 |b 202106  |c NOV 
996 6 |b 2610864423  |c Z-1464.245  |l MZK  |r Sklad / do 24 hodin  |n 0  |p p.v.  |w 001850626  |u 000010  |a 1  |e BOA001  |j MZK50  |s P